Derecho procesal administrativo (Registro nro. 238)

Detalles MARC
000 -LEADER
fixed length control field 01829 a2200241 4500
001 - CONTROL NUMBER
control field 1969
005 - DATE AND TIME OF LATEST TRANSACTION
control field 20260407155422.0
008 - FIXED-LENGTH DATA ELEMENTS--GENERAL INFORMATION
fixed length control field 260407a2009 arg spa d
003 - CONTROL NUMBER IDENTIFIER
control field AR-UNSa-BCEJYS
040 ## - CATALOGING SOURCE
Original cataloging agency AR-UNSa-BCEJYS
Language of cataloging spa
Transcribing agency AR-UNSa-BCEJYS
080 ## - UNIVERSAL DECIMAL CLASSIFICATION NUMBER
Universal Decimal Classification number 342.924
Common auxiliary subdivision Actos legales. Actos administrativos. (Procesal administrativo)
020 ## - INTERNATIONAL STANDARD BOOK NUMBER
International Standard Book Number 978-987-30-0036-2
041 ## - LANGUAGE CODE
Language code of text/sound track or separate title spa
100 1# - MAIN ENTRY--PERSONAL NAME
Personal name Hutchinson, Tomás A.
245 10 - TITLE STATEMENT
Title Derecho procesal administrativo
264 #1 - PRODUCTION, PUBLICATION, DISTRIBUTION, MANUFACTURE, AND COPYRIGHT NOTICE
Place of production, publication, distribution, manufacture Buenos Aires :
Name of producer, publisher, distributor, manufacturer Rubinzal-Culzoni Editores
Date of production, publication, distribution, manufacture, or copyright notice 2009
300 ## - PHYSICAL DESCRIPTION
Extent 3 v.
Dimensions 22 cm.
505 ## - FORMATTED CONTENTS NOTE
Formatted contents note Vol. 1: 1. Introducción - 2. Control jurisdiccional de la administración en el derecho comparado - 3. Consideraciones preliminares - 4. El sistema argentino de control jurisdiccional - 5. La jurisdicción - 6. El proceso administrativo - 7. Los tribunales competentes en materia administrativa - 8. La materia procesal administrativa - Vol. 2: 9. El objeto del proceso - 10. Las pretensiones administrativas - 11. De las partes procesales - 12. De la capacidad y postulación procesal - 13. La legitimación - 14. Los presupuestos procesales de la actividad - 15. Diligencias previas en sede judicial - 16. La iniciación del proceso - 17. De las excepciones - Vol. 3: 18. De la prueba en el proceso administrativo - 19. Medios anormales de concluir el proceso - 20. De la sentencia - 21. Los recursos contra la sentencia - 22. Efectos de las sentencias - 23. Ejecución de las sentencias - 24. Medidas cautelares y peticiones afines - 25. El estado como parte actora - 26. Los llamados recursos judiciales directos
590 ## - LOCAL NOTE (RLIN)
Local note niveau_biblio:m niveau_hierar:0
700 1# - ADDED ENTRY--PERSONAL NAME
Personal name Ugarte, José Manuel
856 41 - ELECTRONIC LOCATION AND ACCESS
Uniform Resource Identifier <a href="https://biblioeco.unsa.edu.ar/pmb/images/libros/Derecho Procesal Administrativo2-l118262.jpg">https://biblioeco.unsa.edu.ar/pmb/images/libros/Derecho Procesal Administrativo2-l118262.jpg</a>
Link text Imagen de portada
Electronic format type image/jpeg
942 ## - ADDED ENTRY ELEMENTS (KOHA)
Koha item type
Existencias
Withdrawn status Lost status Damaged status Not for loan Home library Current library Shelving location Date acquired Total checkouts Full call number Barcode Date last seen Price effective from Koha item type
        Biblioteca Prof. Eusebio Cleto del Rey Biblioteca Prof. Eusebio Cleto del Rey   07/04/2026   342.924 H973 v.1 L118262 07/04/2026 07/04/2026 Libro
        Biblioteca Prof. Eusebio Cleto del Rey Biblioteca Prof. Eusebio Cleto del Rey   07/04/2026   342.924 H973 v.2 L118263 07/04/2026 07/04/2026 Libro
        Biblioteca Prof. Eusebio Cleto del Rey Biblioteca Prof. Eusebio Cleto del Rey   07/04/2026   342.924 H973 v.3 L118264 07/04/2026 07/04/2026 Libro